000 00676nam a2200193 a 4500
005 20140412111301.0
008 030414s19uu xx 00 eng d
020 _a0-307-12943-8
050 _aER
_bTo55jo 1996
100 _aBazaldua, Barbara
245 _aToy story: joke book /
_cwritten by Barbara Bazaldua.
260 _aNew York :
_bA Golden Book,
_c1996.
300 _a1 v. (unp.) ; ill.
440 _aDisney's Toy Story
520 _aJoin Woody, Buzz, Hamm, and the rest of the Toy Story crew as they share their favorite jokes, riddles, and tounge twisters in this laugh-packed book.
650 _aToys--Fiction
650 _aChildren stories
999 _c103386
_d103386